000 00958nam a22002538a 4500
005 2009082009099.0
008 090203s2009 nju 001 0 eng
010 _aENG-94760
020 _a9780070144927
_c275.00
020 _a0070144923
_c275.00
035 _aEN-78293
037 _bDBAD / PUB
040 _adpl
_bEnglish
082 _a658.4038011
100 _aBehl, Ramesh
245 _aInformation technology for management /
_cby Ramesh Behl
260 _aNew Delhi
_bTata McGraw-Hill Education
_c2009
270 _a7 West Patel Nagar,
_bNew Delhi
_e110008
300 _axxviii, 559p.
_c25cm(pbk)
500 _aIncludes references, glossary and index
650 _aManagement information systems.
942 _2ddc
_cEN
_h658.4038011
_mBEH
999 _c29327
_d29327